"War" Movies - Statistics

General Stats
  • This quiz has been taken 350 times
    42 since last reset
  • The average score is 8 of 16
Answer Stats
Year Hint Movie % Correct
1977 Rebels vs. Empire Star Wars
100%
2013 Humans vs. Zombies World War Z
70%
2016 Infighting among superheroes Captain America: Civil War
68%
2017 Humans vs. Apes War for the Planet of the Apes
59%
2005 Extraterrestrials vs. Earth War of the Worlds
59%
2018 One of the top 10 highest-grossing films of all time Avengers: Infinity War
57%
2011 A Thoroughbred's adventures in WWI War Horse
54%
2005 Nicolas Cage plays an illegal arms dealer Lord of War
49%
1983 Young hacker triggers false alarm threatening WW3 WarGames
49%
1989 Russia vs. Finland The Winter War
46%
2007 U.S. Congressman supports the Afghan mujahideen {Charlie} {Wilson}'s War
35%
2016 Humans vs. Orcs Warcraft
35%
2016 Two arms dealers supply the Afghan National Army War Dogs
35%
1989 DeVito directed this black comedy about divorce The War of the Roses
32%
2002 Willis box office bomb about a WWII POW {Hart}'s War
19%
2017 AC vs. DC The {Current} War
16%
No matching quizzes found
Score Distribution
Percent of People with Each Score
Percentile by Number Answered
Your Score History
You have not taken this quiz since the last reset